MARC

LEADER 00000nam0a2200000 4500
001 236968
005 20231101231517.0
035 |a (RuTPU)RU\TPU\book\258137 
090 |a 236968 
100 |a 20130507d1974 m y0rusy50 ca 
101 0 |a rus 
102 |a RU 
105 |a a z 001zy 
200 1 |a Пособие по проектированию электрического освещения массовых помещений общественных зданий  |f Центральный научно-исследовательский и проектно-экспериментальный институт инженерного оборудования городов, жилых и общественных зданий 
210 |a Москва  |c Стройиздат  |d 1974 
215 |a 102 с.  |c граф. 
606 1 |a Электрическое освещение  |x Проектирование  |2 stltpush  |3 (RuTPU)RU\TPU\subj\27818  |9 51513 
610 1 |a помещения 
610 1 |a освещенность 
610 1 |a нормирование 
675 |a 628.93  |v 3 
712 0 2 |a Центральный научно-исследовательский и проектно-экспериментальный институт инженерного оборудования городов, жилых и общественных зданий  |2 stltpush  |3 (RuTPU)RU\TPU\col\12842  |9 25537 
801 1 |a RU  |b 63413507  |c 20130507 
801 2 |a RU  |b 63413507  |c 20130920  |g RCR 
942 |c BK